UM Logo

Integrated Analytic Geometry/ (Record no. 5695)

MARC details
000 -LEADER
fixed length control field 00500nam a22001577a 4500
008 - FIXED-LENGTH DATA ELEMENTS--GENERAL INFORMATION
fixed length control field 161116b xxu||||| |||| 00| 0 eng d
020 ## - INTERNATIONAL STANDARD BOOK NUMBER
International Standard Book Number 971-725-044-x
082 ## - DEWEY DECIMAL CLASSIFICATION NUMBER
Edition number 2015
Classification number DFil 516.3
Item number N67i
100 ## - MAIN ENTRY--PERSONAL NAME
9 (RLIN) 17462
Personal name Nocon, Ferdinand P.
245 ## - TITLE STATEMENT
Title Integrated Analytic Geometry/
Statement of responsibility, etc. Ferdinand P. Nocon.
260 ## - PUBLICATION, DISTRIBUTION, ETC. (IMPRINT)
Place of publication, distribution, etc. Philippines:
Name of publisher, distributor, etc. Grandbooks Publishing Inc.,
Date of publication, distribution, etc. c2015.
300 ## - PHYSICAL DESCRIPTION
Extent 363 pages
Other physical details illustrations;
Dimensions 26 cm.
650 #0 - SUBJECT ADDED ENTRY--TOPICAL TERM
9 (RLIN) 17464
Topical term or geographic name as entry element Analytic geometry.
365 ## - TRADE PRICE
Price amount 5,784.00
Currency code Php
942 ## - ADDED ENTRY ELEMENTS (KOHA)
Source of classification or shelving scheme Dewey Decimal Classification
Koha item type Filipiniana
Holdings
Withdrawn status Lost status Source of classification or shelving scheme Damaged status Not for loan Collection code Home library Current library Date acquired Source of acquisition Total Checkouts Full call number Barcode Date last seen Copy number Cost, replacement price Price effective from Koha item type
    Dewey Decimal Classification     Filipiniana UM Digos College - LIC UM Digos College - LIC 10/27/2016 Purchased   DFil 516.3 N67i 2015 24512 05/15/2025 1 495.00 11/16/2016 Filipiniana